000 00499nam a2200205Ia 4500
005 20260624132731.0
008 131103s9999 xx 000 0 und d
040 _aLoreto College
041 _aEnglish
082 _a238
_bRUM
100 _aRumble
245 _aRadio replies
_b In defence of religion
_cRumble
260 _aSydney
_bPellegrini
_c1933
300 _axvii,433p.
504 _aIncludes index
650 _aChristianity
651 _aReligion
850 _aLCLIB
942 _cBK
999 _c25392
_d75871